| 000 | 00687nam a22002297a 4500 | ||
|---|---|---|---|
| 003 | OSt | ||
| 005 | 20220531084004.0 | ||
| 006 | a||||er|||| 00| 0 | ||
| 007 | ta | ||
| 008 | 201030e2011 dr ||||| |||| 00| 0dspa d | ||
| 020 | _a978-92-2-325110-9 (print) | ||
| 020 | _a978-92-2-325111-6 (web pdf) | ||
| 040 |
_aDO-SdBNP _bspa _cBNPH |
||
| 082 |
_axxx _bP979c |
||
| 100 |
_aPuig, Max . _935839 |
||
| 245 |
_aCrisis económica global y respuestas desde el mundo del trabajo : _bRepública Dominicana / |
||
| 260 |
_aSanto Domingo : _bOIT , _c2011. |
||
| 300 |
_a96 pg, _c20 cm |
||
| 490 | 1 | _aOrganización Internacional del trabajo. | |
| 700 | 1 | 1 | _4Virgilio , Levaggi. |
| 942 |
_2ddc _cLBS1 |
||
| 999 |
_c48999 _d48999 |
||